[Event "Veteranos Aragón. Máster 50"]
[Site "?"]
[Date "2019.??.??"]
[Round "?"]
[White "SÁNCHEZ, Roberto"]
[Black "GINÉS, Pedro"]
[Result "1/2-1/2"]
[WhiteElo "2037"]
[BlackElo "1958"]
[PlyCount "140"]
[EventDate "2019.04.28"]

1. g3 d5 2. Bg2 g6 3. d4 Bg7 4. c3 c6 5. Nd2 Bf5 6. f3 e5 7. dxe5 Bxe5 8. e4
Be6 9. exd5 Bxd5 10. Qe2 Nd7 11. Nc4 Qe7 12. Nxe5 Nxe5 13. b3 Nd3+ 14. Kf1 Nxc1
15. Rxc1 Qxe2+ 16. Nxe2 c5 17. Nf4 Bc6 18. Re1+ Kf8 19. Nd3 b6 20. Ne5 Be8 21.
Rd1 f6 22. f4 Rc8 23. Ng4 h5 24. Ne3 h4 25. Kf2 Ne7 26. g4 g5 27. f5 Bb5 28.
Rd6 Kg7 29. c4 Be8 30. Re1 Rc7 31. Bd5 Rd7 32. Rxd7 Bxd7 33. h3 Re8 34. Rd1 Bc6
35. Bxc6 Nxc6 36. Rd6 Ne5 37. Ke2 Re7 38. Nd5 Nxc4+ 39. Nxe7 Nxd6 40. Nc6 Nc8
41. Kd3 Kf8 42. Nd8 Ke7 43. Ne6 Kd6 44. Ke4 Ne7 45. Ng7 Ng8 46. Ne8+ Kd7 47.
Ng7 Ke7 48. Kd5 Nh6 49. Nh5 Kf7 50. Kd6 Ng8 51. a4 Ne7 52. a5 c4 53. axb6 Nc8+
54. Kc5 Nxb6 55. bxc4 Nd7+ 56. Kb5 Ne5 57. c5 Nd3 58. c6 Ke7 59. Nxf6 Kd6 60.
Ne4+ Kc7 61. Nxg5 a6+ 62. Kxa6 Kxc6 63. Nf3 Nf4 64. Nxh4 $4 Nxh3 65. Ng6 Kd6
66. Kb5 Nf2 67. g5 Ne4 68. Kc4 Nxg5 69. Kd4 Nf7 70. Ke4 Nh6 1/2-1/2

[Event "Veteranos Aragón. Máster 50"]
[Site "?"]
[Date "2019.??.??"]
[Round "?"]
[White "GARCÍA, Jorge"]
[Black "DOMINGO, Agustín"]
[Result "1/2-1/2"]
[WhiteElo "1807"]
[BlackElo "1709"]
[PlyCount "220"]
[EventDate "2019.04.28"]

1. e4 e6 2. d4 d5 3. e5 c5 4. c3 cxd4 5. cxd4 Nc6 6. Nf3 Qb6 7. Nc3 Bd7 8. Be2
Rc8 9. O-O Na5 10. Bd2 Nc4 11. Bxc4 Rxc4 12. b3 Rc8 13. Rc1 Ne7 14. Re1 Nf5 15.
Na4 Rxc1 16. Qxc1 Bxa4 17. bxa4 Qc6 18. Qb2 Be7 19. Rc1 Qd7 20. Qc2 O-O 21. a5
Re8 22. g4 Nh4 23. Nxh4 Bxh4 24. g5 f6 25. gxf6 gxf6 26. Qc7 Re7 27. Qxd7 Rxd7
28. Rc8+ Kf7 29. f4 f5 30. Bb4 Be7 31. a3 Bd8 32. Kg2 a6 33. Kg3 Ke8 34. Bd6
Rg7+ 35. Kf3 Rd7 36. Ke3 Kf7 37. Kd3 Kg6 38. Bb4 Kh5 39. Ke3 Kg4 40. Be1 Kh3
41. Kf3 h5 42. Bb4 Kxh2 43. Rc2+ Kh1 44. Rc1+ Kh2 45. Be1 h4 46. Rc2+ Kh3 47.
Rc8 Kh2 48. Rc2+ Kh1 49. Rf2 Rg7 50. Rc2 Rg1 51. Bf2 Rg2 52. Rc1+ Kh2 53. Rc8
Bxa5 54. Rh8 h3 55. Rh6 Bd2 56. Rxe6 Bxf4 57. Rf6 Bc1 58. Rxf5 Bxa3 59. e6 Rg6
60. Re5 Be7 61. Be3 b5 62. Bf4+ Kh1 63. Bg3 Rf6+ 64. Kg4 Kg2 65. Re2+ Kf1 66.
Rh2 Rxe6 67. Rh1+ Kg2 68. Rh2+ Kg1 69. Rxh3 Rg6+ 70. Kf3 Rf6+ 71. Kg4 b4 72.
Be5 Rg6+ 73. Kf3 Rg2 74. Rh7 Bd8 75. Rd7 Bh4 76. Rc7 Be1 77. Rc1 Kf1 78. Ra1 b3
79. Rxa6 Rf2+ 80. Ke3 b2 81. Rb6 Bd2+ 82. Kd3 Bc1 83. Kc3 Rf3+ 84. Kc2 Rf2+ 85.
Kb1 Ke2 86. Rf6 Rg2 87. Bf4 Kd1 88. Bd6 Ke2 89. Kc2 Ke3+ 90. Kb1 Kxd4 91. Bc7
Kc5 92. Bb8 d4 93. Ba7+ Kc4 94. Rc6+ Kd3 95. Rd6 Rg4 96. Rd7 Re4 97. Bb6 Kc3
98. Rc7+ Kd2 99. Ba5+ Kd1 100. Rh7 Ke2 101. Rh2+ Kd3 102. Rh3+ Re3 103. Rh2 Re2
104. Rh3+ Kc4 105. Rh4 Re1 $4 106. Bxe1 Kd3 107. Bf2 Be3 108. Rh3 Ke2 109. Bxe3
dxe3 110. Kxb2 Kd2 1/2-1/2

[Event "Veteranos Aragón. Máster 50"]
[Site "?"]
[Date "2019.??.??"]
[Round "?"]
[White "ROCHE, Manuel Ángel"]
[Black "MERIN, Miguel Ángel"]
[Result "1-0"]
[WhiteElo "2129"]
[BlackElo "1700"]
[PlyCount "99"]
[EventDate "2019.04.28"]

1. e4 c6 2. d4 d5 3. Nc3 dxe4 4. Nxe4 Nd7 5. Nf3 Ngf6 6. Nxf6+ Nxf6 7. Ne5 g6
8. Be2 Bg7 9. O-O O-O 10. c4 Nd7 11. Nf3 Qc7 12. Be3 Nf6 13. h3 Bf5 14. Rc1
Rad8 15. Qb3 Qc8 16. Rfd1 h6 17. Nh2 Kh7 18. Qa3 a6 19. Qxe7 Rfe8 20. Qa3 Bf8
21. Qb3 Bg7 22. Bf3 Ne4 23. a4 Re7 24. Qa3 Rde8 25. b4 Qb8 26. Qb3 Bf6 27. b5
cxb5 28. axb5 axb5 29. Qxb5 Ng5 30. Qb3 Be4 31. Bxe4 Rxe4 32. Rd3 R4e7 33. c5
Qc8 34. d5 Rd7 35. Bf4 Ne4 36. Qc4 Bg5 37. Bxg5 Nxg5 38. Ng4 Qd8 39. Qd4 Ne4
40. Re1 f5 41. Rxe4 fxg4 $4 42. Rxe8 Qxe8 43. Qxg4 Qe1+ 44. Kh2 Rf7 45. Rg3 g5
46. Qh5 Rxf2 47. Rxg5 Qe4 48. Rg4 Qc2 49. Qe5 Rf7 50. Qe4+ 1-0

[Event "Veteranos Aragón. Máster 50"]
[Site "?"]
[Date "2019.??.??"]
[Round "?"]
[White "ASÍN, Pedro José"]
[Black "PÉREZ, Pedro"]
[Result "1/2-1/2"]
[WhiteElo "1735"]
[BlackElo "1759"]
[PlyCount "67"]
[EventDate "2019.04.28"]

1. e4 Nf6 2. e5 Nd5 3. c4 Nb6 4. c5 Nd5 5. Nc3 e6 6. d4 d6 7. cxd6 cxd6 8. Nf3
Nc6 9. Bc4 Nxc3 10. bxc3 dxe5 11. d5 exd5 12. Bxd5 Bd6 13. O-O O-O 14. Ng5 h6
15. Ne4 Bc7 16. Qf3 Kh8 17. Rd1 Qh4 18. Qg3 Qxg3 19. Nxg3 f5 20. Ba3 Rd8 21.
Bf7 Kh7 22. Rxd8 Nxd8 23. Bb3 g6 24. Rd1 Kg7 25. h4 h5 26. Bd6 Bxd6 27. Rxd6
Nf7 28. Bxf7 Kxf7 29. Rd8 b6 30. f3 Ke7 31. Rg8 Kf6 32. Rf8+ Ke6 33. Rg8 Kf7
34. Rd8 1/2-1/2

[Event "Veteranos Aragón. Máster 50"]
[Site "?"]
[Date "2019.??.??"]
[Round "?"]
[White "ÁLVAREZ, Miguel Ángel"]
[Black "REGUERA, Moisés"]
[Result "1/2-1/2"]
[WhiteElo "1817"]
[BlackElo "1521"]
[PlyCount "80"]
[EventDate "2019.04.28"]

1. c4 g6 2. Nc3 c5 3. g3 Bg7 4. Bg2 Nc6 5. Nf3 d6 6. O-O Bf5 7. d3 Qd7 8. Rb1
Nf6 9. a3 a5 10. Bg5 Bh3 11. Bxf6 Bxf6 12. Nd5 Bxg2 13. Nxf6+ exf6 14. Kxg2 O-O
15. d4 Rad8 16. d5 Ne5 17. Nxe5 fxe5 18. b4 axb4 19. axb4 b6 20. Qb3 Kg7 21.
Ra1 Rc8 22. b5 Qb7 23. Ra6 Ra8 24. Rfa1 Rxa6 25. bxa6 Qa7 26. Qb5 Rc8 27. e4
Kf8 28. f4 exf4 29. gxf4 Qe7 30. Qb1 Qh4 31. h3 Qxf4 32. a7 Qg5+ 33. Kh1 Qd8
34. Ra6 Ra8 35. Rxb6 Kg7 36. Rb8 $4 Qf6 37. Rxa8 Qf3+ 38. Kg1 Qg3+ 39. Kf1 Qf3+
40. Kg1 Qg3+ 1/2-1/2

[Event "Veteranos Aragón. Máster 50"]
[Site "?"]
[Date "2019.??.??"]
[Round "?"]
[White "OCABO, Pedro Arístides"]
[Black "NAVARRO, Jesús"]
[Result "1-0"]
[WhiteElo "1775"]
[BlackElo "1695"]
[PlyCount "103"]
[EventDate "2019.04.28"]

1. d4 Nf6 2. Bf4 d5 3. e3 e6 4. Nf3 c5 5. c3 Nc6 6. Nbd2 Bd6 7. Bg3 O-O 8. Bd3
h6 9. Ne5 Qe7 10. O-O Nd7 11. f4 f5 $2 12. Ng6 Qf7 13. Nxf8 Bxf8 14. Nf3 Nf6
15. Ne5 Nxe5 16. dxe5 Ng4 17. Bf2 Nxf2 18. Rxf2 Bd7 19. g4 Bc6 20. gxf5 exf5
21. h3 Rd8 22. Qc2 d4 23. exd4 cxd4 24. c4 Bd7 25. Kh2 Be6 26. c5 Rc8 27. b4 g6
28. Rc1 Bd5 29. Qb2 b6 30. Qxd4 bxc5 31. bxc5 Qe6 32. a3 Be7 33. Rfc2 Rd8 34.
Qb4 g5 35. Rg1 Kh8 36. Rf2 gxf4 37. Qxf4 Bxc5 38. Bxf5 Rf8 39. Bxe6 Rxf4 40.
Rg8+ Kh7 41. Rxf4 Bxe6 42. Rg3 Be7 43. Ra4 Bc5 44. Rc3 Bb6 45. Rxa7+ Kg6 46.
Rb7 Bd4 47. Rg3+ Kf5 48. Rb5 h5 49. h4 Ke4 50. Rb4 Kxe5 51. Rg5+ Ke4 52. Rxh5
1-0

[Event "Veteranos Aragón. Máster 50"]
[Site "?"]
[Date "2019.??.??"]
[Round "?"]
[White "RODRÍGUEZ, Jorge"]
[Black "TORCAL, Alfonso"]
[Result "1/2-1/2"]
[WhiteElo "1725"]
[BlackElo "1761"]
[PlyCount "59"]
[EventDate "2019.04.28"]

1. d4 d5 2. c4 dxc4 3. Nf3 Nf6 4. e3 e6 5. Bxc4 c5 6. Nc3 a6 7. a4 Nbd7 8. O-O
Nb6 9. Qe2 Nxc4 10. Qxc4 b6 11. Ne5 Bb7 12. dxc5 Bxc5 13. b4 Bd6 14. Rd1 Qc7
15. Qxc7 Bxc7 16. Nd3 O-O 17. Ba3 Rfd8 18. b5 Bd6 19. Bxd6 Rxd6 20. Nb4 Rxd1+
21. Rxd1 a5 22. Nc6 Kf8 23. Ne5 Rc8 24. Ne2 Ke7 25. g4 Bd5 26. Nd4 Nd7 27.
Ndc6+ Bxc6 28. Nxc6+ Ke8 29. Rd4 f6 30. Kf1 1/2-1/2

[Event "Veteranos Aragón. Máster 50"]
[Site "?"]
[Date "2019.??.??"]
[Round "?"]
[White "FERNÁNDEZ, Pedro José"]
[Black "CELMA, Ramón"]
[Result "1-0"]
[WhiteElo "1502"]
[BlackElo "1587"]
[PlyCount "69"]
[EventDate "2019.04.28"]

1. e4 e6 2. d4 d5 3. e5 c5 4. c3 cxd4 5. cxd4 Bb4+ 6. Bd2 Bxd2+ 7. Qxd2 Ne7 8.
Bd3 Nbc6 9. Nf3 h6 10. Nc3 a6 11. Rc1 Qb6 12. O-O Bd7 13. Bb1 Na5 14. b3 O-O
15. h4 f5 16. exf6 Rxf6 17. Ne5 Be8 18. g4 Nac6 19. g5 Nxe5 20. dxe5 Rf3 21.
gxh6 Bh5 $4 22. Qg5 g6 23. Qxe7 Rf7 24. Qg5 Raf8 25. Bxg6 Bxg6 26. Qxg6+ Kh8
27. Nxd5 Qd4 28. Rc8 Rxc8 29. Qxf7 Rg8+ $4 30. Qxg8+ Kxg8 31. Nf6+ Kh8 32. Rc1
Qd8 33. Rc3 Qf8 34. Rg3 Qf7 35. h7 1-0

[Event "Veteranos Aragón. Máster 50"]
[Site "?"]
[Date "2019.??.??"]
[Round "?"]
[White "FERNÁNDEZ, Tomás"]
[Black "CASTERÁ, Rafael"]
[Result "0-1"]
[WhiteElo "1409"]
[BlackElo "1671"]
[PlyCount "52"]
[EventDate "2019.04.28"]

1. d4 Nf6 2. Nf3 e6 3. e3 a6 4. Bd3 d5 5. Nbd2 c5 6. b3 cxd4 7. exd4 Bb4 8. O-O
Nc6 9. a3 Bc3 10. Rb1 Nxd4 11. Nxd4 Bxd4 12. Nf3 Bc5 13. Bb2 O-O 14. Qe2 Bd7
15. a4 Bc6 16. Ne5 Rc8 17. Kh1 d4 18. Rbd1 g6 19. Bc1 Nd5 20. Nxf7 $2 Rxf7 21.
Qxe6 Qd7 22. Qe5 Re8 23. Qg3 Bd6 24. Qh4 Nf4 25. Rg1 Qh3 $1 26. Qg3 Nxd3 0-1

[Event "Veteranos Aragón. Máster 50"]
[Site "?"]
[Date "2019.??.??"]
[Round "?"]
[White "SANTOS, Higinio"]
[Black "BARRÓS, Ángel Luis"]
[Result "0-1"]
[WhiteElo "1392"]
[BlackElo "2076"]
[PlyCount "66"]
[EventDate "2019.04.28"]

1. d4 g6 2. c4 Bg7 3. Nc3 c5 4. d5 d6 5. e4 Nf6 6. f3 O-O 7. Bd3 e6 8. Nge2
exd5 9. cxd5 Re8 10. O-O Na6 11. Kh1 Rb8 12. Nb5 Ra8 13. Bf4 Bf8 14. a3 Nc7 15.
Rc1 Nh5 16. Be3 Nxd5 17. Bd2 Nc7 18. Nf4 Nf6 19. Nxc7 Qxc7 20. Nd5 Nxd5 21.
exd5 Bg7 22. b4 b6 23. f4 f5 24. h4 Bb7 25. Qf3 Qf7 26. Bc4 Re4 27. Bd3 Re7 28.
Bc4 Re4 29. Bd3 Re7 30. Bc4 Rae8 31. g4 $4 Re4 32. Bd3 Bxd5 33. Qg3 Re3+ 0-1

[Event "Veteranos Aragón. Máster 50"]
[Site "?"]
[Date "2019.??.??"]
[Round "?"]
[White "ÁLVARO, Gonzalo"]
[Black "FRANCO, Carlos"]
[Result "0-1"]
[WhiteElo "1285"]
[BlackElo "1978"]
[PlyCount "86"]
[EventDate "2019.04.28"]

1. e4 e5 2. Nf3 Nc6 3. c3 Nf6 4. Bb5 Nxe4 5. Bxc6 dxc6 6. d3 Nf6 7. Nxe5 Be7 8.
O-O O-O 9. Bf4 Be6 10. Nd2 Nd7 11. Nxd7 Qxd7 12. Re1 Qxd3 13. Bxc7 Rac8 14. Bg3
Rcd8 15. Nb3 Qxd1 16. Raxd1 Rxd1 17. Rxd1 Rd8 18. Rxd8+ Bxd8 19. Nc5 Bc8 20.
Bb8 a6 21. Bd6 f6 22. Kf1 Kf7 23. Ke2 b6 24. Nd3 Ke6 25. Bf8 g6 26. h3 Bc7 27.
g4 c5 28. Nxc5+ $2 bxc5 29. Bxc5 Kd5 30. Be3 a5 31. f4 a4 32. Kd3 Ba6+ 33. Kc2
Ke4 34. Bd4 Bd3+ 35. Kd1 f5 36. gxf5 gxf5 37. h4 Bc4 38. a3 h5 39. Bf6 Bxf4 40.
Bg5 Bg3 41. Kd2 f4 42. b3 axb3 43. a4 f3 0-1

[Event "Veteranos Aragón. Máster 50"]
[Site "?"]
[Date "2019.??.??"]
[Round "?"]
[White "GARCÍA, Miguel Ángel"]
[Black "SÁNCHEZ, José María"]
[Result "1/2-1/2"]
[WhiteElo "1702"]
[BlackElo "1651"]
[PlyCount "49"]
[EventDate "2019.04.28"]

1. e4 c5 2. Nf3 Nc6 3. d4 cxd4 4. Nxd4 Nf6 5. Nc3 g6 6. Be3 Bg7 7. Be2 d6 8.
Qd2 Bd7 9. f3 Qa5 10. Ncb5 Qxd2+ 11. Kxd2 O-O 12. c3 a6 13. Na3 b5 14. Nac2 d5
15. Nxc6 Bxc6 16. Nb4 Bb7 17. exd5 Rfd8 18. Ke1 Nxd5 19. Nxd5 Bxd5 20. a3 Rac8
21. Rd1 Bb3 22. Rd2 f5 23. Bd1 Bc4 24. Be2 Bb3 25. Bd1 1/2-1/2

[Event "Veteranos Aragón. Máster 50"]
[Site "?"]
[Date "2019.??.??"]
[Round "?"]
[White "AMORÓS, Manuel"]
[Black "ALVIRA, José Antonio"]
[Result "1-0"]
[WhiteElo "1483"]
[BlackElo "1240"]
[PlyCount "117"]
[EventDate "2019.04.28"]

1. e4 e6 2. d3 d5 3. Nd2 c5 4. Ngf3 Nc6 5. g3 d4 6. Bg2 e5 7. O-O Nf6 8. Nc4
Be7 9. Ncxe5 Bg4 10. Nxg4 Nxg4 11. h3 Nge5 12. Bf4 f6 13. Nxe5 Nxe5 14. Bxe5
fxe5 15. Qh5+ Kd7 16. Qxe5 Qf8 17. Qd5+ Kc8 18. e5 Rb8 19. h4 Qd8 20. Qc4 h5
21. b4 Qc7 22. bxc5 Qxc5 23. Qa4 b5 24. Qa6+ Kd8 25. e6 Qb6 26. Qxb6+ Rxb6 27.
Rfe1 g5 28. hxg5 Bxg5 29. Re4 Ke7 30. f4 Bf6 31. f5 Rg8 32. Kf2 Rc6 33. Re2 Rc5
34. Be4 h4 35. Rh1 hxg3+ 36. Kg2 Rg7 37. Rh3 Be5 38. Rh6 b4 39. Kf1 a5 40. Rg2
a4 41. Ke2 $2 Rxc2+ 42. Kd1 Rc3 43. Rh8 Rg4 44. Ra8 Rf4 45. Ra7+ Kf6 $4 46.
Rf7+ Kg5 47. Rxg3+ Rg4 48. Rxg4+ Kxg4 49. e7 Kf4 50. e8=Q b3 51. axb3 axb3 52.
Rb7 Bd6 53. Qh5 Ba3 54. Qh2+ Ke3 55. Qh6+ Kf2 56. Qd2+ Kg3 57. Rg7+ Kh3 58.
Qg2+ Kh4 59. Qg4# 1-0

[Event "Veteranos Aragón. Máster 50"]
[Site "?"]
[Date "2019.??.??"]
[Round "?"]
[White "COLÓN, Antonio"]
[Black "SÁNCHEZ, Ricardo"]
[Result "1-0"]
[WhiteElo "1293"]
[BlackElo "1387"]
[PlyCount "47"]
[EventDate "2019.04.28"]

1. e4 g6 2. Nf3 Bg7 3. Bc4 d6 4. h3 Nf6 5. Nc3 O-O 6. d3 a6 7. O-O b5 8. Bb3
Nbd7 9. a3 Bb7 10. Rb1 c5 11. Re1 Nb6 12. Be3 h6 13. e5 Nfd5 14. Nxd5 Nxd5 15.
Bd2 a5 16. c4 bxc4 17. dxc4 Nc7 18. Bc3 Bxf3 19. Qxf3 Ne6 20. exd6 Bxc3 21.
Qxc3 Qxd6 22. Rbd1 Qc6 23. Bc2 Nf4 $2 24. Be4 1-0

[Event "Veteranos Aragón. Máster 50"]
[Site "?"]
[Date "2019.??.??"]
[Round "?"]
[White "LLANES, Ricardo"]
[Black "ANTOÑANO, Avelino"]
[Result "1-0"]
[WhiteElo "2201"]
[BlackElo "2133"]
[PlyCount "91"]
[EventDate "2019.04.28"]

1. Nf3 c5 2. e4 g6 3. d4 cxd4 4. Qxd4 Nf6 5. Nc3 Nc6 6. Qa4 d6 7. e5 Ng4 8.
exd6 Bg7 9. h3 Nge5 10. Be2 exd6 11. O-O O-O 12. Be3 Bd7 13. Qa3 Bf5 14. Rac1
d5 15. Rfd1 Nxf3+ 16. Bxf3 d4 17. Bxc6 bxc6 18. Ne2 c5 19. c3 d3 20. Ng3 c4 21.
Nxf5 gxf5 22. Qc5 Qc8 23. b3 Qxc5 24. Bxc5 Rfc8 25. Be3 cxb3 26. axb3 Rab8 27.
Rxd3 Rxb3 28. Bxa7 Rbxc3 29. Rcxc3 Bxc3 30. Rg3+ Kf8 31. Be3 Rc4 32. Rf3 f6 33.
Rxf5 Kg7 34. g4 Kg6 35. Kg2 Be5 36. Kf3 Rc3 37. h4 Bd4 38. h5+ Kg7 39. Rd5 Bxe3
40. fxe3 Rc7 41. Kf4 Re7 42. e4 Ra7 43. Kf5 h6 $4 44. Ke6 Ra4 45. Rd7+ Kg8 46.
Kf5 1-0

[Event "Veteranos Aragón. Máster 50"]
[Site "?"]
[Date "2019.??.??"]
[Round "?"]
[White "DOMINGO, Agustín"]
[Black "JUBERÍAS, Santiago"]
[Result "0-1"]
[WhiteElo "1709"]
[BlackElo "2009"]
[PlyCount "72"]
[EventDate "2019.04.28"]

1. e4 c5 2. Nf3 d6 3. d4 cxd4 4. Nxd4 Nf6 5. Bd3 a6 6. O-O e5 7. Nf3 Be7 8. Nc3
Qc7 9. Bg5 Be6 10. Bxf6 Bxf6 11. Qe2 Nd7 12. h3 O-O 13. Rad1 Be7 14. Nd2 Rac8
15. Nd5 Bxd5 16. exd5 f5 17. c4 Nc5 18. b3 Nxd3 19. Qxd3 Qa5 20. a4 e4 21. Qg3
Qb6 22. Rfe1 Bf6 23. Nf1 Bd4 24. Rxd4 Qxd4 25. Qxd6 Rce8 26. Ng3 Qd2 27. Rf1 g6
28. Qb6 f4 29. Nh1 Rf7 30. g3 $4 e3 31. fxe3 fxe3 32. Rxf7 Kxf7 33. Qc7+ Kg8
34. Qd7 Qd1+ 35. Kg2 Qc2+ 36. Kg1 Qe4 0-1

[Event "Veteranos Aragón. Máster 50"]
[Site "?"]
[Date "2019.??.??"]
[Round "?"]
[White "GINÉS, Pedro"]
[Black "ROCHE, Manuel Ángel"]
[Result "1-0"]
[WhiteElo "1958"]
[BlackElo "2129"]
[PlyCount "103"]
[EventDate "2019.04.28"]

1. Nf3 e6 2. b3 f5 3. Bb2 Nf6 4. g3 g6 5. Bg2 Bg7 6. O-O O-O 7. c4 c6 8. d3 d6
9. b4 Nbd7 10. a4 a5 11. b5 d5 12. Nbd2 Re8 13. Rc1 c5 14. Bxf6 Bxf6 15. cxd5
exd5 16. d4 c4 17. Nb1 Nb6 18. Nc3 Be6 19. Qd2 Bf7 20. h4 Kg7 21. Ne1 Be7 22.
Ra1 Bb4 23. e3 h6 24. f4 Qe7 25. Kf2 Bxc3 26. Qxc3 Qb4 27. Qc2 Rac8 28. Nf3 Qb3
29. Qe2 c3 30. Rfb1 Qc4 31. Ne5 Rxe5 32. Qxc4 Rxc4 $2 33. fxe5 Nxa4 34. Bf1 Rb4
35. Bd3 Nb2 36. Ke2 Be8 37. Rc1 Nxd3 $2 38. Kxd3 Bxb5+ 39. Kxc3 Rc4+ 40. Kd2
Rxc1 41. Kxc1 a4 42. Rb1 Bc6 43. Kb2 g5 44. hxg5 hxg5 45. Rh1 Kg6 46. Ka3 f4
47. exf4 gxf4 48. gxf4 Kf5 49. Rh6 Be8 50. Rh8 Bc6 51. Rc8 Bd7 52. Rd8 1-0

[Event "Veteranos Aragón. Máster 50"]
[Site "?"]
[Date "2019.??.??"]
[Round "?"]
[White "LEBRÓN, José María"]
[Black "GARCÍA, Jorge"]
[Result "0-1"]
[WhiteElo "1784"]
[BlackElo "1807"]
[PlyCount "140"]
[EventDate "2019.04.28"]

1. d4 Nf6 2. e3 d5 3. f4 Bf5 4. Nf3 Nbd7 5. Nbd2 e6 6. Bd3 c5 7. Bxf5 exf5 8.
O-O Bd6 9. Ne5 O-O 10. Kh1 Bxe5 11. fxe5 Ng4 12. Nf3 Re8 13. h3 Nh6 14. Qe1 f6
15. exf6 Nxf6 16. Qh4 Re4 17. Qg5 Nf7 18. Qg3 Nh5 19. Qh2 Qd7 20. dxc5 Rae8 21.
Bd2 Ne5 22. Nxe5 R4xe5 23. Rf3 g6 24. Bc3 Rxe3 25. Rxe3 Rxe3 26. Qb8+ Re8 27.
Qd6 Qxd6 28. cxd6 Rd8 29. Be5 Kf7 30. Re1 Rd7 31. g4 Nf6 32. gxf5 gxf5 33. Rf1
Ke6 34. Re1 Ne4 35. Bf4 Kf6 36. Kg2 Nxd6 37. Be5+ Kf7 38. Bd4 b5 39. Kf3 Ne4
40. Rg1 Ke6 41. Kf4 b4 42. Be5 a5 43. Rg8 Nf6 44. Ra8 $4 Nh5+ 45. Kg5 Kxe5 46.
Kxh5 Rg7 47. Re8+ Kf4 48. Kh6 Rg2 49. h4 Rxc2 50. b3 Rxa2 51. h5 Rb2 52. Kxh7
Rxb3 53. h6 Rh3 54. Kg6 b3 55. h7 a4 56. Ra8 Ke4 57. Rxa4+ Kd3 58. Rb4 Kc3 59.
Rb8 d4 60. Kg7 b2 61. Rb6 Rxh7+ 62. Kxh7 d3 63. Rc6+ Kd2 64. Rb6 Kc1 65. Rc6+
Kb1 66. Rd6 Kc2 67. Rc6+ Kb3 68. Rb6+ Kc3 69. Rc6+ Kd4 70. Rb6 d2 0-1

[Event "Veteranos Aragón. Máster 50"]
[Site "?"]
[Date "2019.??.??"]
[Round "?"]
[White "PÉREZ, Pedro"]
[Black "SÁNCHEZ, Roberto"]
[Result "1-0"]
[WhiteElo "1759"]
[BlackElo "2037"]
[PlyCount "45"]
[EventDate "2019.04.28"]

1. e4 c5 2. Nf3 Nc6 3. c3 Nf6 4. d3 e5 5. Be2 d5 6. exd5 Qxd5 7. Na3 Bf5 8. Nc2
O-O-O 9. Ne3 Qd7 10. Nxf5 Qxf5 11. Qa4 Kb8 12. O-O h6 13. h3 g5 14. Be3 Be7 15.
b4 cxb4 16. cxb4 Nd5 17. Rac1 g4 $2 18. hxg4 Qd7 $4 19. b5 Nd4 20. Nxd4 Nb6 21.
Nc6+ bxc6 22. Bxb6 cxb5 $4 23. Bxa7+ 1-0

[Event "Veteranos Aragón. Máster 50"]
[Site "?"]
[Date "2019.??.??"]
[Round "?"]
[White "MERIN, Miguel Ángel"]
[Black "OCABO, Pedro Arístides"]
[Result "1/2-1/2"]
[WhiteElo "1700"]
[BlackElo "1775"]
[PlyCount "113"]
[EventDate "2019.04.28"]

1. d4 f5 2. Nc3 e6 3. e4 fxe4 4. Nxe4 Be7 5. Bd3 Nf6 6. Nf3 O-O 7. c3 d6 8. Be3
Nbd7 $2 9. Qd2 a6 10. O-O-O b5 11. h3 Nb6 12. Nxf6+ Bxf6 13. Rhe1 Nc4 14. Qc2
h6 15. Qe2 d5 16. Bc2 Rb8 17. g4 c6 18. g5 hxg5 19. Rg1 g4 20. hxg4 b4 21. Qd3
bxc3 22. bxc3 Qa5 23. a4 Qb6 24. Qh7+ Kf7 25. Rd3 Qb2+ 26. Kd1 Na3 27. Rd2 Qxc3
28. g5 Nxc2 29. Qxc2 Qxc2+ 30. Rxc2 Be7 31. Ne5+ Kg8 32. Rxc6 Rb1+ 33. Rc1
Rxc1+ 34. Kxc1 Ba3+ 35. Kd2 Bb4+ 36. Kc2 Bb7 37. g6 Rc8+ 38. Kd3 Rc3+ 39. Ke2
a5 40. Rh1 Ba6+ 41. Kf3 Bd3 42. Kg4 Bf5+ 43. Kg5 Be7+ 44. Kf4 Bd6 45. Rc1 Rxc1
46. Bxc1 Bxg6 47. Kg5 Bxe5 48. dxe5 Bc2 49. Bd2 Bxa4 50. Bxa5 Kf7 51. Kf4 Bc2
52. Ke3 g5 53. Bd8 Kg6 54. Kd4 Kf5 55. Bf6 Kf4 56. Be7 g4 57. Bh4 1/2-1/2

[Event "Veteranos Aragón. Máster 50"]
[Site "?"]
[Date "2019.??.??"]
[Round "?"]
[White "CASTERÁ, Rafael"]
[Black "ASÍN, Pedro José"]
[Result "1-0"]
[WhiteElo "1671"]
[BlackElo "1735"]
[PlyCount "85"]
[EventDate "2019.04.28"]

1. e4 e5 2. Nf3 Nc6 3. Bc4 Nf6 4. d4 exd4 5. O-O d6 6. Nxd4 Bd7 7. Bg5 Be7 8.
Nc3 O-O 9. f4 h6 10. Bh4 Nxe4 11. Bxe7 Qxe7 12. Nd5 Qd8 13. f5 Nf6 14. Qd2 Nxd5
15. Bxd5 Qf6 16. Rad1 Nxd4 17. Qxd4 Qxd4+ 18. Rxd4 c6 19. Bb3 Rad8 20. Rxd6 Bc8
21. Rxd8 Rxd8 22. g4 Kf8 23. Kg2 b6 24. h3 Bb7 25. Kg3 c5 26. Rf2 a6 27. f6 g6
28. a4 Bc6 29. Bc4 b5 30. axb5 axb5 31. Bf1 Rd6 32. h4 Bd7 33. c3 c4 34. g5 Bf5
35. Kf4 h5 36. Bg2 Ke8 37. Bf3 Kd7 $2 38. Bxh5 Re6 39. Bf3 Bd3 40. Bg4 Bf5 41.
Bxf5 gxf5 42. Kxf5 Re3 43. h5 1-0

[Event "Veteranos Aragón. Máster 50"]
[Site "?"]
[Date "2019.??.??"]
[Round "?"]
[White "BARRÓS, Ángel Luis"]
[Black "FERNÁNDEZ, Pedro José"]
[Result "1-0"]
[WhiteElo "2076"]
[BlackElo "1502"]
[PlyCount "55"]
[EventDate "2019.04.28"]

1. Nf3 Nf6 2. c4 g6 3. b3 Bg7 4. Bb2 O-O 5. g3 d6 6. d4 Bg4 7. Bg2 Qc8 8. O-O
Bh3 9. Nc3 Bxg2 10. Kxg2 c5 11. d5 Nbd7 12. Qc2 Ng4 13. h3 Nge5 14. Ne1 f5 15.
f4 Nf7 16. Nf3 Nf6 17. Rae1 Re8 18. e4 fxe4 19. Nxe4 Nxe4 20. Rxe4 Bxb2 21.
Qxb2 a6 22. Re6 b5 23. h4 Nd8 24. Ng5 bxc4 25. h5 Qb7 26. Rd1 Qb4 27. Rxg6+ $3
hxg6 28. Qc2 1-0

[Event "Veteranos Aragón. Máster 50"]
[Site "?"]
[Date "2019.??.??"]
[Round "?"]
[White "FRANCO, Carlos"]
[Black "RODRÍGUEZ, Jorge"]
[Result "1-0"]
[WhiteElo "1978"]
[BlackElo "1725"]
[PlyCount "87"]
[EventDate "2019.04.28"]

1. c4 d6 2. d4 e5 3. Nc3 exd4 4. Qxd4 Nc6 5. Qd2 Nf6 6. b3 a5 7. g3 Bf5 8. Bg2
g6 9. Bb2 Bg7 10. e4 Bd7 11. Nge2 O-O 12. O-O Ng4 13. h3 Nh6 14. Nf4 Ne5 15.
Nfd5 Bxh3 16. f4 Bxg2 17. Kxg2 Nd7 18. Rae1 c6 19. Ne3 Nc5 20. g4 f6 21. Kf3
Nf7 22. Rh1 Nh8 23. Rd1 Rf7 24. Qxd6 Qxd6 25. Rxd6 Bf8 26. Rd2 a4 27. b4 a3 28.
Ba1 Na4 29. Rb1 g5 30. f5 Kg7 31. c5 b5 32. Nxa4 Rxa4 33. e5 fxe5 34. Bxe5+ Kg8
35. Rd8 Ng6 36. Bc3 Raa7 37. Rbd1 Rae7 38. Nc2 Nh4+ 39. Kg3 Re2 40. R1d2 Rxd2
$4 41. Bxd2 h6 42. Nd4 Re7 43. Ne6 Rf7 44. Bc3 1-0

[Event "Veteranos Aragón. Máster 50"]
[Site "?"]
[Date "2019.??.??"]
[Round "?"]
[White "TORCAL, Alfonso"]
[Black "ÁLVAREZ, Miguel Ángel"]
[Result "1/2-1/2"]
[WhiteElo "1761"]
[BlackElo "1817"]
[PlyCount "58"]
[EventDate "2019.04.28"]

1. c4 Nf6 2. Nc3 e6 3. g3 g6 4. Bg2 Bg7 5. Nf3 O-O 6. O-O d5 7. cxd5 Nxd5 8.
Nxd5 exd5 9. d4 Nc6 10. e3 Ne7 11. Ne1 c6 12. Nd3 Bf5 13. b3 Rc8 14. Ba3 Re8
15. Rc1 Be4 16. Bxe4 dxe4 17. Nc5 Qa5 18. Bb2 Nf5 19. Nxb7 Qd5 20. Rc5 Qd7 21.
Na5 h5 22. Qc2 h4 23. Rxc6 hxg3 24. hxg3 Nh4 25. Rxc8 $2 Nf3+ 26. Kg2 Nh4+ 27.
Kg1 Nf3+ 28. Kg2 Nh4+ 29. Kg1 Nf3+ 1/2-1/2

[Event "Veteranos Aragón. Máster 50"]
[Site "?"]
[Date "2019.??.??"]
[Round "?"]
[White "REGUERA, Moisés"]
[Black "GONZÁLEZ, Arturo"]
[Result "1/2-1/2"]
[WhiteElo "1521"]
[BlackElo "1641"]
[PlyCount "84"]
[EventDate "2019.04.28"]

1. d4 d5 2. c4 c6 3. Nf3 Nf6 4. Nc3 e6 5. g3 Be7 6. Bg2 O-O 7. O-O Re8 8. Bf4
Nbd7 9. Nd2 dxc4 10. Nxc4 Nd5 11. e3 Nf8 12. Ne4 Nxf4 13. exf4 f5 14. Nc3 Bf6
15. Ne5 Qb6 16. Na4 Qb4 17. a3 Qd6 18. Nc3 Rd8 19. Ne2 Qc7 20. Qc2 Nd7 21. Rad1
Nb6 22. b4 a6 23. Rfe1 Nd5 24. Nc3 Nxc3 25. Qxc3 Bd7 26. Qb3 Re8 27. Rc1 Rad8
28. d5 Bxe5 29. fxe5 Kf8 30. d6 Qb6 31. a4 g5 32. a5 Qa7 33. Qe3 Qxe3 34. Rxe3
Kg7 35. f4 Kg6 36. fxg5 Kxg5 37. h4+ Kg6 38. Bf1 Rf8 39. Bd3 Kh5 40. Be2+ Kg6
41. Rc4 h5 42. Bd3 Kh6 1/2-1/2

[Event "Veteranos Aragón. Máster 50"]
[Site "?"]
[Date "2019.??.??"]
[Round "?"]
[White "CELMA, Ramón"]
[Black "GUTIÉRREZ, José Antonio"]
[Result "0-1"]
[WhiteElo "1587"]
[BlackElo "1933"]
[PlyCount "48"]
[EventDate "2019.04.28"]

1. d4 b6 2. Nf3 Bb7 3. e3 e6 4. c4 Nf6 5. Nc3 d5 6. Be2 Be7 7. Ne5 O-O 8. cxd5
exd5 9. O-O Nbd7 10. Bf3 Nxe5 11. dxe5 Ne4 12. Bxe4 dxe4 13. Qg4 f5 14. exf6
Rxf6 15. Rd1 Bd6 16. g3 Qf8 17. Nxe4 Rg6 18. Nxd6 $4 Rxg4 19. Nxb7 Rb8 20. b3
Rxb7 21. Bb2 Rb8 22. Rd7 Rd8 23. Rad1 Rxd7 24. Rxd7 Qc8 0-1